000 00701cab a2200229 4500
001 WB3006-26
008 090401t1994 xxu||||| |||| 00| 0 eng d
035 _a(Sirsi) u67078
041 _aeng
100 _aPatterson, T.
245 _aUsing Italian leases
260 _c1994
350 _a0
490 _aCSW - The Property Week
_v46(6) 10 February 1994, 58-59(1)
520 _aOutlines key factors to consider in leasing residential and commercial property in Italy. (For notes on purchase of Italian real estate see WB3004-46).
650 _aITALY
650 _aLEASE TERMS
690 _aPROPERTY-LANDLORD AND TENANT
690 _aOVERSEAS-EUROPE
942 _n0
948 _c04/03/1997
999 _c41957
_d41957